00732nam a2200241 a 4500001001300000003000900013005001700022008004100039020002300080082001900103100002200122245006200144260003500206300000900241500003500250505001000285650002100295700002200316902000800338942000700346952012000353999001700473nice12345678IN_TiNIC20260116014455.0070319s2001 dela grp 000 0 urd  a8178241196 c29500a297.0954bROB1 aRobinson, Francis aUlama of Farangi Mahall and Islamic Culture in South Asia aDelhi bPermanent Black c2001 a267p aincludes index and biblioraphy2 aIndex aIslam-South Asia1 aRobinson, Francis bSRS cBK 001040708StackRoom-aHMIbHMId2011-09-02g295.00l0o297.0954 ROB1p021757r2011-09-02v295.00w2007-03-19yBK c15513d15513